Quality in Higher Education (Record no. 47296)
[ view plain ]
| 000 -LEADER | |
|---|---|
| fixed length control field | 003760000a22001570004500 |
| 003 - CONTROL NUMBER IDENTIFIER | |
| control field | MACL |
| 040 ## - CATALOGING SOURCE | |
| Original cataloging agency | MACL |
| 090 ## - LOCALLY ASSIGNED LC-TYPE CALL NUMBER (OCLC); LOCAL CALL NUMBER (RLIN) | |
| -- | 47801 |
| -- | 47799 |
| 100 ## - MAIN ENTRY--PERSONAL NAME | |
| Personal name | Datta,Anup Kumar |
| 245 ## - TITLE STATEMENT | |
| Title | Quality in Higher Education |
| 260 ## - PUBLICATION, DISTRIBUTION, ETC. (IMPRINT) | |
| Place of publication, distribution, etc. | Kolkata |
| Name of publisher, distributor, etc. | Knowledge Bank Publishers & Distributors |
| Date of publication, distribution, etc. | 2010 |
| 350 ## - PRICE (NR) (BK AM CF MU VM SE) [OBSOLETE] | |
| Price | 460 |
| 650 ## - SUBJECT ADDED ENTRY--TOPICAL TERM | |
| Topical term or geographic name as entry element | Education |
| 942 ## - ADDED ENTRY ELEMENTS (KOHA) | |
| Koha item type | Library Membar |
| Call number prefix | 379/DAT |
| 951 ## - EQUIVALENCE OR CROSS-REFERENCE--GEOGRAPHIC NAME/AREA NAME [OBSOLETE] [CAN/MARC only] | |
| -- | 379/DAT BOOK |
No items available.









